000
00314nam a22001337a 4500
008
170508b xxu||||| |||| 00| 0 eng d
020
_a
97 80314923080
041
_a
eng
080
_a
347
100
_a
15
101
_a
SHJ
245
_a
FEDERAL CIVIL JUDICIAL PROCEDURE AND RULES
_c
WEST GROUP
942
_2
udc
_c
BK
999
_c
13006
_d
13006